Reading in Conflict theory (Record no. 16123)

000 -LEADER
fixed length control field 00228nam a22000977a 4500
082 ## - DEWEY DECIMAL CLASSIFICATION NUMBER
Classification number 303.6
Author Mark REA 1990
245 ## - TITLE STATEMENT
Title Reading in Conflict theory
260 ## - PUBLICATION, DISTRIBUTION, ETC.
Place of publication, distribution, etc. United States
Name of publisher, distributor, etc. George Mason University
Date of publication, distribution, etc. 1990
300 ## - PHYSICAL DESCRIPTION
Extent var
942 ## - ADDED ENTRY ELEMENTS (KOHA)
Koha item type Book
Holdings
Withdrawn status Lost status Damaged status Not for loan Permanent Location Current Location Shelving location Date acquired Total Checkouts Full call number Barcode Date last seen Price effective from Koha item type
        Centre for International Peace & Stability (CIPS) Centre for International Peace & Stability (CIPS)   10/25/2013   303.6 REA 1990 CIPSD0000003 04/24/2015 04/24/2015 Book
© 2023 Central Library, National University of Sciences and Technology. All Rights Reserved.